000 00553nam a22001697a 4500
008 150311b xxu||||| |||| 00| 0 eng d
050 _aQH315.P583
100 _aPortmann, Adolf
_916244
245 _aNew paths in biology
_c/by Adolf Portmann
260 _aNew York
_bHarper and row
_c1964
300 _axviii,170p. ;
_c20cm.
440 _aWorld perspectives
_nno.30
_916245
650 _aBiology
_xResearch
_916246
700 _aPomerans, Arnold J. (trans.)
_916247
700 _aAnshen, Ruth Nanda (series editor)
_916248
942 _2lcc
_cMONOGRAPH
999 _c122416
_d122416